000 00936nam a22003257a 4500
001 BR2016000336
003 BR-BrBNA
005 20230928104815.0
007 ta
008 230509b bl.||||| |||| 00| 0 por d
040 _aBR-BrBNA
_bpor
_cBiblioteca Nacional de Agricultura
041 _a(Eng)
072 _aL02
_b5214
_b0230
090 _ 5214 BR2016000336
100 1 _aZacaroni, O. de F.
110 1 _aUniversidade Federal de Lavras, MG (Brasil)
_0Tese (Doutorado)
245 1 _aCrude glycerin as an energy feed for dairy cows
260 3 _aLavras, MG (Brasil):
_c2014.
300 _a104 p.
500 _aSummaries (Eng, Por); Several bibliography; 12 tables
650 _aVACA LEITEIRA
650 _aCANA DE AÇÚCAR
650 _aGLICERINA
650 _aMETANOL
650 _aSILAGEM
650 _aNUTRIÇÃO ANIMAL
650 _aSUPLEMENTO ALIMENTAR
909 _a202309
_bLucia
_c55
_dLucia Elande
942 _cBK
999 _c81862
_d81862